[Event "Asia-ch U20 Girls"]
[Site "Tehran"]
[Date "2001.07.14"]
[Round "2"]
[White "Yusubalieva, Sevara"]
[Black "Ghader Pour, Shayesteh"]
[Result "0-1"]
[WhiteElo "2121"]
[BlackElo "2065"]
[PlyCount "74"]
[EventDate "2001.07.14"]
[EventType "swiss"]
[EventRounds "11"]
[EventCountry "IRI"]
[SourceTitle "EXT 2002"]
[Source "ChessBase"]
[SourceDate "2001.11.25"]
[SourceVersion "1"]
[SourceVersionDate "2001.11.25"]
[SourceQuality "1"]

1. e4 c5 2. Nf3 d6 3. Bb5+ Bd7 4. Bxd7+ Qxd7 5. 0-0 Nc6 6. c3 Nf6 7. Re1 e6 8. d4 cxd4 9. cxd4 d5 10. e5 Ne4 11. Nbd2 Nxd2 12. Bxd2 Be7 13. a3 0-0 14. Qb3 b5 15. Qd3 Rfc8 16. Bg5 Rab8 17. Bxe7 Qxe7 18. h4 b4 19. Ng5 g6 20. Rac1 bxa3 21. bxa3 Rc7 22. Rb1 Rbc8 23. Nf3 Na5 24. Qd2 Nc4 25. Qh6 Qf8 26. Qxf8+ Kxf8 27. Rb3 Nb6 28. Kf1 Rc2 29. Ra1 h6 30. Ne1 R2c4 31. Rd1 Ra4 32. Ke2 Nc4 33. Rc1 Rc6 34. Rcc3 Rca6 35. Nc2 Nxa3 36. Rc8+ Kg7 37. Nxa3 Rxa3 0-1